000 00562nam a2200217 i 4500
001 C2-0215704
003 PPAK
005 20180728104258.0
008 990428s1975 nyu |||| ||||| | eng d
040 _aPPAK
_beng
_cPPAK
_erda
082 0 4 _a821
_2 23
090 0 0 _a821
_bRAM
_dKSA
100 0 _aRamli H Rais,
_eauthor
245 1 0 _aEn route to happiness
264 1 _aNew York :
_bVantage Press ,
_c1975
300 _a32 pages ;
_c20 cm
336 _2rdacontent
_atext
337 _2rdamedia
_aunmediated
338 _2rdacarrier
_avolume
942 _ddc
_cB
999 _c159432
_d159432